Statistics for Jack Nicholson Movies Quiz

Click here to take the quiz!

General Stats

  • This quiz has been taken 11,739 times
    (8,862 since last reset)
  • The average score is 9 of 17

Answer Stats

DescriptionMovie% Correct
Writer and his wife are winter caretakers of a haunted resort in Colorado.The Shining
93%
The Caped Crusader faces his greatest foe.Batman
90%
Asylum patients are mistreated by a mean nurse.One Flew Over the
Cuckoo's Nest
89%
Military lawyers face off against the corrupt commander of Guantanamo Bay.A Few Good Men
69%
Two terminally-ill geezers take the trip of a lifetime.The Bucket List
68%
Hilarity ensues as a mild-mannered man is forced to seek anger counseling
from a world-class jerk.
Anger Management
63%
Policeman infiltrates the Boston mob. Meanwhile a criminal mole infiltrates the police.The Departed
62%
Obsessive-compulsive novelist starts a relationship with a much younger waitress.As Good as It Gets
60%
Laughably incompetent President tries to make peace with sadistic Martian invaders.Mars Attacks!
53%
Hippies cruise their motorcycles from California to New Orleans.Easy Rider
50%
Florist grows a plant that feeds on human flesh.The Little Shop of Horrors
48%
Private investigator is caught in a tangled web of incest and water politics
in 1920s Los Angeles.
Chinatown
47%
Trio of New England witches summon a handsome stranger.The Witches of Eastwick
46%
Powerful Teamsters leader gets involved with the mob.Hoffa
33%
Mom and daughter have a love-hate relationship. And mom dates the
retired astronaut next door.
Terms of Endearment
27%
Retired widower travels by RV to stop the marriage of his daughter.About Schmidt
24%
Old playboy only dates women under 30, until he meets a woman that is
(almost) his own age.
Something's Gotta Give
21%

Score Distribution

Percentile by Number Answered

Percent of People with Each Score

Your Score History

You have not taken this quiz since the last reset